000 00501nam a2200121Ia 4500
008 220620s9999||||xx |||||||||||||| ||und||
100 _aTie Qiu (Ed.)||Wenbing Zhao (Ed.)||Xiong Luo (Ed.)
245 0 _aRecent Developments in Smart Healthcare
546 _aEnglish[eng]
650 _ahealth IT||human-computer interaction||Machine learning||smart medicine||smart healthcare||emotion recognition||public health||pattern recognition
856 _uhttp://www.mdpi.com/books/pdfview/book/494
942 _cEB
999 _c22979
_d22979